000 00486 a2200169 4500
020 _a0672320894
040 _aDLC
082 0 0 _a005.276
100 1 _aFranklin, Keith.
245 1 0 _aVB.NET for developers
_cKeith Franklin ; edited by Rebecca Riordan.
260 _aNew Delhi :
_bTechmedia
_cc2001.
300 _aix, 288 p. :
_bill. ;
_c23 cm.
500 _aIncludes index.
650 0 _aBASIC (Computer program language)
700 1 _aRiordan, Rebecca.
942 _cBK
_k005.756 FRA
_2ddc
999 _c6649
_d6649